| 000 | nam a22 7a 4500 | ||
|---|---|---|---|
| 999 |
_c4870 _d235374 |
||
| 020 | _a9789872693657 | ||
| 080 | _a343.12 L 877 | ||
| 100 | _aLorenzo, Leticia | ||
| 245 | _aManual de Litigación | ||
| 260 |
_aCiudad Autónoma de Buenos aires _bDidot _c2016 |
||
| 300 |
_a241 P. _c22 X 15 Cm. |
||
| 490 | _aLitigación y Enjuiciamiento penal adversarial | ||
| 650 |
_xlitigacion _xaudiencias _xaudiencias previas al juicio oral _xargumentacion _xaudiencias de medidas cautelares _xaudiencia de conciliacion _xaudiencia de proceso abreviado _xaudiencia de exclusion probatoria _xlitigacion de juicio oral _xjuicio oral |
||
| 945 |
_acd _d2018-10-09 |
||
| 942 | _6_ | ||